|
|
|
|
| LEADER |
00793nam a2200229 i 4500 |
| 001 |
c000307468 |
| 003 |
CARM |
| 005 |
00000000000000.0 |
| 008 |
840316s1975 quc 0 eng d |
| 019 |
1 |
|
|a 297660
|5 LACONCORD2021
|
| 020 |
|
|
|a 0777001004
|
| 035 |
|
|
|a (OCoLC)1638685
|5 LACONCORD2021
|
| 082 |
0 |
4 |
|a 599.3233
|
| 100 |
1 |
|
|a Thérien, Gilles.
|
| 245 |
1 |
0 |
|a Ratopolis /
|c par Gilles Therien.
|
| 260 |
|
|
|a Montreal :
|b Les Presses de l'Universite du Quebec,
|c 1975.
|
| 300 |
|
|
|a 130 p. :
|b ill.
|
| 500 |
|
|
|a Bibliography: p. 125-128.
|
| 650 |
|
0 |
|a Rats.
|
| 852 |
8 |
|
|b CARM
|h A1:AR29F0
|i C11028
|p 0501645
|f BK
|
| 999 |
f |
f |
|i 35e1e696-e2ba-5f95-b2f8-7d5e17066719
|s 7fc0c5b2-12c0-5567-b19e-cb890942d554
|
| 952 |
f |
f |
|p Can circulate
|a CAVAL
|b CAVAL
|c CAVAL
|d CARM 1 Store
|e C11028
|f A1:AR29F0
|h Other scheme
|i book
|m 0501645
|